01076cam a2200289 a 45000010009000000050017000090080041000260100015000670200031000820400060001130430012001730820024001851000029002092450079002382500012003172600037003293000044003665000024004105040031004346500032004656500040004976530024005376550024005619420024005859990017006099520160006261660088920150114130251.0110106t2012 xxuae frb 001 0 eng d a2010052870 a9781604266061 (alk. paper) aDLCcDLCdYDXdYDXCPdFYQdCDXdRIUdBWXdDLCdEG-ScBUE an-us---00a303.380973222bASH1 aAsher, Herbert B.93716310aPolling and the public :bwhat every citizen should know /cHerbert Asher. a8th ed. aWashington :bCQ Press,cc.2012. axiii, 298 p. :bplans, tables ;c23 cm. aIndex : p. 279-298. aBibliography : p. 257-277. 0aPublic opinion polls937164 0aPublic opinionzUnited States99681 bCOMAMEcJanuary2015 vreading book934232 2ddck303.380973 ASH c18875d18847 00102ddc40708BaccahaMAINbMAINc1STd2015-01-14epurchaseg326.00h21291l2m8o303.380973 ASHp000037297r2025-07-15 00:00:00s2022-02-16v408.00yBB